Statistiques concernant Physiciens de A à Z - facile

Cliquez ici pour prendre le quiz!

Statistiques générales

  • Ce quiz a été pris 218 fois
  • Le résultat moyen est 12 sur 24

Statistiques - réponses

LettreIndiceRéponse% Correct
EIl a développé la théorie de la relativitéAlbert Einstein
99%
CPremière femme a avoir reçu le prix Nobel pour ses travaux sur la radioactivitéMarie Curie
98%
NUne pomme peut parfois donner lieu à des révélationsIsaac Newton
89%
TIl est connu pour ses travaux sur le courant alternatif. Une marque de voiture porte désormais son nomNikola Tesla
83%
GIl a développé la lunette astronomiqueGalilée
80%
AEureka !Archimède
75%
KIl a développé les 3 lois de mouvements des planètesJohannes Kepler
72%
JLorsqu'un courant électrique passe dans un matériau, ce dernier chauffeJames Joule
70%
VItalien inventeur de la pile électriqueAlessandro Volta
63%
SIl a un fameux chatErwin Schrödinger
63%
BDanois ayant reçu le prix Nobel en 1922 pour son modèle de la structure de l'atomeNiels Bohr
63%
OPère de la bombe atomiqueRobert Oppenheimer
60%
WInventeur de la machine à vapeurJames Watt
56%
MLes équations de l'électromagnétisme portent son nomJames Maxwell
52%
YSon expérience avec des fentes met en évidence les interférences de la lumièreThomas Young
50%
HIl est à l'origine du principe d'incertitudeHeisenberg
44%
PIl est à l'origine du principe d'exclusionWolfgang Pauli
34%
FIl est le premier à avoir fait de la fission nucléaire controléeEnrico Fermi
18%
DL'unité de mesure du moment dipolaire porte son nomPeter Debye
17%
RConsidéré comme le père de la physique nucléaire, il a découvert les rayonnements alpha et bêtaErnest Rutherford
15%
ZSous l'effet d'un champ magnétique externe, il y a levée de dégénérescence des niveaux énergétiquesPietr Zeeman
11%
LIl a développé l'ancêtre du sonarPaul Langevin
5%
ISoviétique qui a établit la charge de l'électron indépendamment de MillikanAbram Ioffé
2%
UAvec Samuel Goudsmit, il a mis en évidence le spin de l'électronGeorge Uhlenbeck
2%

Distribution des résultats

Percentile par nombre de réponses

% des personnes avec chaque résultat

Votre développement - résultats

Vous n’avez pas pris ce quiz